| 000 | 00395nam a2200157Ia 4500 | ||
|---|---|---|---|
| 008 | 210210b2005 xxu||||| |||| 00| 0 eng d | ||
| 020 | _a81 88836 81 8 | ||
| 082 | _a582 JOHT | ||
| 100 | _aJOHRI (R M) and LATA (Sneh). | ||
| 245 | _aTaxonomy II: polypetalae. | ||
| 260 |
_aN D _bSonali Publications _c2005 |
||
| 300 | _a300 | ||
| 650 | _aPolypetalae | ||
| 690 | _aTaxonomy | ||
| 906 | _aSG04674 | ||
| 999 |
_c115682 _d115682 |
||